000 00300nam a22001337a 4500
020 _a817826321-1
082 _a823
_bGRI/F
100 _aBROTHERS GRIMM
245 _aTHE FROG PRINCE
260 _aDELHI
_bROHAN BOOK COMPANY
_c2003
300 _a205
650 _aMODERN ILLUSTRATED CLASSICS
942 _cBK
999 _c293
_d293